000 01046nam a22002295i 4500
001 48295
003 ES-MaACL
005 20230906161728.0
007 t|
008 950711s1840 fr ||||1| fre d
040 _aCAM
_bspa
_cCAM
245 0 0 _aChoix des historiens grecs avec notices biographiques /
_cpar J.A.C. Buchon.
260 _aParis :
_bAugusto Desrez,
_c1840.
300 _aXV, 702 p., [1] h. de map. ;
_c27 cm.
505 8 _aContiene: Histoire de la lutte entre grecs et les barbares / Herodote -- Vie d'Homére / attribuée a Hérodote -- Histoire de Perse ; Histoire de l'Inde / Ctésias -- Expeditions d'Alexandre / Arrien -- Chronique des Comtes de Foix en langue Béarnaise / Miguel de Verms -- Chronique inédite de Flandres / anonyme -- Ambassade du juge d'arborée / G. Gaian et M. de Rochefort.
700 1 _aHerodoto.
_963126
700 1 _aCtésias.
_941872
700 1 _aArriano, Flavio.
_923278
700 1 _aVerms, Miguel del.
_9114155
700 1 _aBuchon, Jean-Alexandre.
_9126221
852 _aES-MaACL
_jG-13979
999 _c48295
_d48295